Mille vaihteluvälille valtion asukasluku sijoittuu? - Statistics

Yleistilastot
  • Tätä visaa on pelattu 545 kertaa
  • Keskiarvotulos 12 / 16
Vastaustilastot
Hint Explanation Vastaus % Oikein
Yhdysvallat 351 miljoonaa D. 100+ miljoonaa
92%
Kiina 1424 miljoonaa D. 100+ miljoonaa
91%
Norja 5,6 miljoonaa B. 1–10 miljoonaa
89%
Monaco 38 000 A. alle 1 miljoona
86%
Yhdistynyt kuningaskunta 70 miljoonaa C. 10–100 miljoonaa
86%
Islanti 398 000 A. alle 1 miljoona
83%
Uusi-Seelanti 5,3 miljoonaa B. 1–10 miljoonaa
83%
Nauru 12 000 A. alle 1 miljoona
81%
Etelä-Afrikka
65 miljoonaa C. 10–100 miljoonaa
76%
Etelä-Korea 52 miljoonaa C. 10–100 miljoonaa
75%
Turkki 88 miljoonaa C. 10–100 miljoonaa
75%
Mongolia 3,5 miljoonaa B. 1–10 miljoonaa
69%
Bangladesh 176 miljoonaa D. 100+ miljoonaa
68%
Paraguay 7 miljoonaa B. 1–10 miljoonaa
65%
Singapore 5,9 miljoonaa B. 1–10 miljoonaa
57%
Etiopia 135 miljoonaa D. 100+ miljoonaa
54%
Ehtoja vastaavia visoja ei löytynyt
Tulosjakauma
Jokaisen tuloksen saaneiden osuus
Persentiili vastausten määrän mukaan
Tuloshistoriasi
Et ole pelannut tätä visaa